Památkový zákon : úplné znění ke dni 6. ledna 2005 doplněné výběrem z judikatury : úplné znění prováděcí vyhlášky

Korporativní autor: Česko
Další autoři: Česko. Ministerstvo kultury
Jazyk: Čeština
Vydáno: Praha : Jalna, 2005
Vydání: Vyd. 1.
Témata:
Fyzický popis: 87 s., [4] složené l. obr. příl. : formuláře ; 21 cm
Knihy
Uloženo v:
LEADER 01838nam a2200493 a 4500
001 nkc20051495526
003 CZ PrNK
005 20200615100055.0
007 ta
008 050112s2005 xr fk f l 000 0 cze
015 |a cnb001495526 
020 |a 80-86310-49-3  |q (brož.) 
035 |a (OCoLC)228497250 
040 |a BOA001  |b cze  |d ABA001 
043 |a e-xr--- 
072 7 |a 71  |x Územní plánování. Urbanismus. Památková péče  |2 Konspekt  |9 21 
080 |a 351.853  |2 MRF 
080 |a 719  |2 MRF 
080 |a 347.951  |2 MRF 
080 |a (437.3)  |2 MRF 
080 |a (094.5)  |2 MRF 
110 1 |a Česko  |7 ge128065 
240 1 0 |a Zákon o státní památkové péči (1987, novela 2005)  |7 kon2006373953 
245 1 0 |a Památkový zákon :  |b úplné znění ke dni 6. ledna 2005 doplněné výběrem z judikatury : úplné znění prováděcí vyhlášky 
250 |a Vyd. 1. 
260 |a Praha :  |b Jalna,  |c 2005 
300 |a 87 s., [4] složené l. obr. příl. :  |b formuláře ;  |c 21 cm 
500 |a 800 výt. 
504 |a Obsahuje bibliografické odkazy a odkazy na související právní předpisy 
550 |a Vydavatel: Ministerstvo kultury České republiky 
650 0 7 |a památková péče  |7 ph123918  |z Česko  |2 czenas 
650 0 7 |a soudní rozhodnutí a stanoviska  |7 ph125859  |z Česko  |2 czenas 
650 0 9 |a historic preservation  |z Czechia  |2 eczenas 
650 0 9 |a judgments  |z Czechia  |2 eczenas 
655 7 |a zákony  |7 fd133886  |2 czenas 
655 7 |a právní předpisy  |7 fd133151  |2 czenas 
655 9 |a laws  |2 eczenas 
655 9 |a legal regulations  |2 eczenas 
710 1 |a Česko.  |b Ministerstvo kultury  |7 kn20010725018 
910 2 |a BOA001  |b 2-1163.704 
990 |a BK 
995 |a 01 
991 |b 200602  |c NOV 
996 6 |b 2610271020  |c 2-1163.704  |l MZK  |r Sklad / do 1 hodiny  |n 12  |p p.v.  |w 000807615  |u 000010  |a 1  |e BOA001  |j MZK50  |s P